00225nam a2200085Ia 4500001000800000005001700008008004100025245005500066260001800121125009020251031150849.0251031s9999 xx 000 0 und d 0cESRA BULUTaY-6 YENİDEN BAŞLAMAYA NE DERSİN? bERDEM ÇOCUK